Commercial ship surveying : on/off hire condition surveys & bunker surveys /

Commercial Ship Surveying: On/Off Hire Condition Surveys and Bunker Surveys provides guidance on the complete survey process, what should be done to prepare, and what constitutes good practice, all completely detailed so that the process can be executed quickly and efficiently. In addition to the su...

Full description

Bibliographic Details
Main Author: Karanassos, Harry Alexander (Author)
Corporate Author: ScienceDirect (Online service)
Format: eBook
Language:English
Published: Amsterdam : Butterworth-Heinemann, 2015.
Subjects:
Online Access:Connect to the full text of this electronic book

MARC

Tag First Indicator Second Indicator Subfields
LEADER 00000cam a2200000 i 4500
001 in00005760013
005 20260407210643.6
006 m o d
007 cr |||||||||||
008 151119s2015 ne a ob 001 0 eng d
015 |a GBB5H1615  |2 bnb 
016 7 |a 017635139  |2 Uk 
019 |a 932333834  |a 1148069680 
020 |a 9780081003046  |q (electronic bk.) 
020 |a 0081003048  |q (electronic bk.) 
020 |a 008100303X  |q (Trade Paper) 
020 |a 9780081003039 
020 |z 9780081003039  |q (pbk.) 
024 3 |a 9780081003039 
035 |a (OCoLC)935676667  |z (OCoLC)932333834  |z (OCoLC)1148069680 
037 |a 9780081003046  |b Ingram Content Group 
040 |a NLE  |b eng  |e rda  |e pn  |c NLE  |d EBLCP  |d OCLCO  |d OPELS  |d OCLCF  |d IDB  |d U3W  |d D6H  |d OCLCQ  |d WYU  |d CUY  |d ZCU  |d MERUC  |d ICG  |d DKC  |d OCLCQ  |d UKMGB  |d OCLCQ  |d VT2  |d S2H  |d OCLCO  |d OCLCQ  |d OCLCO  |d OCLCL  |d SXB  |d OCLCQ 
049 |a TXAM 
050 4 |a HE588.7 
082 0 4 |a 623.82450287  |2 23 
100 1 |a Karanassos, Harry Alexander,  |e author. 
245 1 0 |a Commercial ship surveying :  |b on/off hire condition surveys & bunker surveys /  |c Harry Karanassos. 
264 1 |a Amsterdam :  |b Butterworth-Heinemann,  |c 2015. 
300 |a 1 online resource :  |b illustrations 
336 |a text  |b txt  |2 rdacontent 
337 |a computer  |b c  |2 rdamedia 
338 |a online resource  |b cr  |2 rdacarrier 
588 0 |a CIP data; item not viewed. 
505 0 |a Front Cover; Commercial Ship Surveying: On/Off-Hire Condition Surveys and Bunker Surveys; Copyright; Contents; List of Figures; List of Tables; Acknowledgments; Bimco; CargoTech-Macgrecor; Coolerado; Hamburg Sud; Iacs; Imo; Lloyd's Register Foundation Information Centre Library; Parker-Kittiwake; Rolls Royce; TEC Container; Foreword; SystÈme International D'Unites: [SI]; List of Abbreviations and Acronyms; Introduction; Chapter 1: The Shipping Industry; Getting Started: Ship Types; Dry Cargo Ships; Bulk Cargo Ships; Liquid Cargo Ships; Gas Cargo Ships; Special Services Ships. 
505 8 |a Novel Design ShipsPassenger Ships; Description of Ship Types: More Details; Dry Cargo Ships: General Cargo Ships; Dry Cargo Ships: Container Ships; Dry Cargo Ships: RO-RO Ships; Dry Cargo Ships: Multipurpose Ships; Dry Cargo Ships: Refrigerated Cargo Ships (Reefers); Dry Cargo Ships: Dry Bulk Carriers; Dry Cargo Ships: OBO Carriers; Special Services Ships: High Speed Crew Boats and Launches; Special Services Ships: Coastal Ships; Special Services Ships: Harbor Motor Tugs; Special Services Ships: Deep Sea Tugs (Figure 15); Special Services Ships: AHTS Vessels (Figures 16 and 17). 
505 8 |a Special Services Ships: Icebreakers (Figure 18)Special Services Ships: Fishing Vessels; Special Services Ships: Barges (Figure 21); Special Services Ships: Heavy Lift and Semisubmercible Ships; Special Services Ships: Ocean Cruise Ships; Chapter 2: Ship Stability, Freeboard, and Common Terms; Ship Stability; Freeboard and Load Line; Common Terms; Chapter 3: Shipbuilding Basics and Strength of Ships; Shipbuilding Requirements; Forces Acting on a Ship; Forces Acting on a Ship at Sea; Main Structural Parts of a Ship; Ships' Classification Societies and IMO; Classification Societies. 
505 8 |a International Maritime Organization (IMO)Ship's Certificates; List of Certificates and Documents Required to Be Carried on Board Ships, 2013; Chapter 4: On-Hire and Off-Hire Condition Surveys; GENTIME -The Dry Cargo Time Charter Party; Quote; Unquote; Quote; Unquote; On-Hire/Off-Hire Condition Surveys: An Overview; Personal Safety; Surveyor's Equipment and Tools; Surveys in Drydock; Class Surveys in Drydock; Chapter 5: Case File Management and Commencement of Survey; Receipt of a Survey-Application; Confirming Survey Attendance; Planning and Preparing for the Survey; Commencement of Survey. 
505 8 |a Row Description 1 Row Description 2 ; Row Description 3 ; Row Description 4 ; Sequence of Inspection of Ship Parts -- PART 1; Sequence of Inspection of Ship Parts -- PART 2; Coating Breakdown and Corrosion; Chapter 6: Ship Parts: Group 1; Keel; Description; Inspection; Double Bottom; Description; Inspection; Description; Inspection; Bow and Fore End Structure/Stem, Fore Peak Tank, and Hawsepipes; Description; Inspection; Stern and After End Structure, After Peak Tank; Description; Inspection; Stern Frame Rudder; Description; Inspection; Hull Marine Coatings; Description. 
520 |a Commercial Ship Surveying: On/Off Hire Condition Surveys and Bunker Surveys provides guidance on the complete survey process, what should be done to prepare, and what constitutes good practice, all completely detailed so that the process can be executed quickly and efficiently. In addition to the surveying process, the book describes supplementary topics, such as the vessels likely encountered, the gear and rigging involved, and the special techniques necessary. The book is well-researched, with plenty of practical examples and photographic references, explaining not only what is expected to happen during surveys, but also how marine surveyors and ships' officers are expected to perform, if, and when, they become involved with this work. Dedicated to detail, this book ensures that the reader clearly understands each step of the surveying process. 
504 |a Includes bibliographical references and index. 
650 0 |a Ships  |x Inspection. 
650 0 |a Cargo ships. 
650 6 |a Navires  |x Inspection. 
650 6 |a Cargos. 
650 7 |a cargo vessels.  |2 aat 
650 7 |a Cargo ships  |2 fast 
650 7 |a Ships  |x Inspection  |2 fast 
655 7 |a Electronic books.  |2 local 
710 2 |a ScienceDirect (Online service) 
758 |i has work:  |a Commercial ship surveying (Text)  |1 https://id.oclc.org/worldcat/entity/E39PCFTPjPCwrDgBFtV3fFWv73  |4 https://id.oclc.org/worldcat/ontology/hasWork 
776 0 8 |i Print version:  |z 9780081003039 
856 4 0 |u http://proxy.library.tamu.edu/login?url=https://www.sciencedirect.com/science/book/9780081003039  |z Connect to the full text of this electronic book  |t 0 
936 |a BATCHLOAD 
955 |a Elsevier ScienceDirect 2026-2027 
994 |a 92  |b TXA 
999 f f |s 2de96dd2-1517-49d0-bd4c-5fdbe24aa47e  |i 1260f534-eb7a-464f-ab00-29ca5e99dcc4  |t 0 
952 f f |a Texas A&M University  |b College Station  |c Electronic Resources  |s www_evans  |d Available Online  |t 0  |e HE588.7   |h Library of Congress classification 
998 f f |a HE588.7   |t 0  |l Available Online